000 00594nam a2200229Ia 4500
008 101110s9999 xx 000 0 und d
041 _aENGLISH
082 _bSR34006
100 _aBiswas, Debaprasanna
245 _aMathematical methods in physics
260 _c2009
_bNew Central Book Agency, Kolkata
300 _a440
365 _b185
520 _aPhysics
520 _aUGC Marge Scheme 2009-2010
546 _aENGLISH
630 _aMathematical methods in physics
650 _aPhysics
655 _aPhysics
730 _aMathematical methods in physics
942 _cBOOK
999 _c826507
_d826504